000 00689nam a2200193 a 4500
008 120416s1987 ||||||||||||||||| || u
020 _a0801613035
050 _aHF 5415.2 Dil
100 _aFirtle, Neil H
245 1 0 _aMarketing research in a marketing environment
260 _aSt. Louis:
_bTimes Mirror/Mosby
_c1987
300 _axxviii, 728p. : ill.
350 _a0.00
500 _aIncludes bibliographies and indexes.
650 0 _aMARKETING RESEARCH
700 _aMadden, Thomas J
700 _aDillon, William R
995 _D0.00
_FCBU-MAIN LIBRARY (Kitwe)
_H1
_I28.95
_M1
_UAVAILABLE
_ZMain Library Open Access Collection
999 _c50503
_d50503